5ème - Statistiques

Statistiques générales
  • Ce quiz a été pris 0 fois
  • Le résultat moyen est 0 sur 90
Statistiques - réponses
Hint Réponse % Correct
la nuit des barricades de mai 68 jour mois année 10 mai 1968
0%
syndicats joign manif mai 68 jour mois année 13 mai 1968
0%
grève à Nantes qui fédére 10M de salariés en FR jour mois année 14 mai 1968
0%
accord de Bruxelles pr la PAC mois année 1963
0%
refus RU dnas le marché commun par DG années 1963 /1967
0%
politique de la "chaise vide" pr s'opposer au mode de financement de la PAC année 1965
0%
discours de Pnom Penh qui condamne Vietnam et reconnait la Chine populaire, visite Moscou année 1966
0%
législatives semi-échec car victoire courte année 1967
0%
discours Quebec libre, embargo Israel suite guerre des 6 jours année 1967
0%
congrès d'Issy les moulineaux : NPS, nv parti socialiste par Alain savary année 1969
0%
affaire fiscales UDR, notamment PM, ternit l'image année 1971
0%
référendum entrée RU marché commun accepté mais 40% abstention année 1972
0%
élections, UDR conserve sa majorité année 1973
0%
: majorité 18 ans, loi Haby tronc commun, fin ORTF, loi Veil, loi divorce consenti mutuel et plan de relance chirac année 1975
0%
formation G6, loi regroupement familial année 1976
0%
Chirac Maire de Paris + transforme UDR en RPR année 1977
0%
élections municipales, gauche & 3/4 des villes, PCF se sent exclu et dénonce virage à droite PS pr se distinguer année 1977
0%
législatives majorité (RPR/UDF) et opposition (PCF/PS) divisées, majorité l'emporte contre tt attente année 1978
0%
2ème choc pétrolier année 1979
0%
Relance Barre contre la crise éco année 1979
0%
1er élections EU année 1979
0%
affaires diamants de Bokassa, baisse confiance années 1979 - 1980
0%
PM pierre Mauroy, gouv avec des coco (pas depuis 47) : nationalisation banques, Loi Auroux, PMD Badinter, radio pv, Loi Forni (homo), crée IGF = temps de "l'Etat de grace" année 1981
0%
élections alors que 2M de chomeurs, appui tardif de Chirac pr VGE au 2nd tour : Mitterrand élu à 51,8% "homme du passé/homme du passif" année 1981
0%
loi décentralisation année 1982
0%
relance Mauroy : 39H, 5 semaines congés payés, retraite 60 ans, majoration SMIC : dépenses publiques + 72% année 1982
0%
baisse popularité car double déception : soit trop ou pas assez de changement + dévaluation et blocage salaires année 1982
0%
affaires des écoutes à l'Elysée années 1983 - 1986
0%
élections EU remportées par RPR/UDF année 1984
0%
affaire navire greenpeace année 1985
0%
manif contre projet d'études supp, Chirac perd en pop année 1986
0%
mise en place RMI, revenu minimum insertion, via le NV ISF, accord Matignon nouvelle Calédonie année 1988
0%
élections de 1988 : Mitterrand popu car image distante et s'occupe RI "la force tranquille", élu à 54% face à une droite divisée : Rocard PM + dissout l'AN année 1988
0%
congrès de Rennes qui divise les Socialistes, Fabius chef opposition interne pdnt que droite paralysée entre centriste et extrémiste qui monte, FN année 1990
0%
scandales financiers alors que PM dit lutter contre corruption, 3M de chomeurs année 1993
0%
législatives victoire écrasante RPR/UDF : nvl cohabitation Balladur PM : très popu car négociations GATT, enraye spéculation et bonne relations avec le M, mais en perd car chomage 3,3M et affaire sang contaminé : rentre vite dans l'immobilisme année 1993
0%
affaiblissement gauche : Mitterrand dévoile son cancer de 1991 et Rocard prend la place de Fabius au PS année 1993
0%
élections présidentielles, Delors pressenti mais se présente pas, Jospin sort de sa reraite contre Fabius. droite tensions Balladur trahit Chirac en se présentant, Chirac élu à 52% contre Jospin année 1995
0%
passage quinquennat et réforme 35h année 2000
0%
nvl élections 1er tour :Chirac 19,8 ; Le Pen 16,86 abstention passe de 28 à 20% et Chirac élu à 82% : PM Rafffarin année 2002
0%
Chirac crée UMP pr les élections, fusion partielle RPR et UDF année 2002
0%
Dominique de Villepin, refus intervention Irak année 2003
0%
émeutes banlieues sur l'égalité des chances année 2005
0%
référendum constitutino EU refusé, Raffain démission to Villepin année 2005
0%
Crise logement, réforme sur le nombre de mandats, réintégration commandement OTAN année 2008
0%
attentat petit clamart raté jour mois année 22 aout 1962
0%
fac de Nanterre connait des manifs jour mois année 22 mars 1968
0%
référendum proposé par DG refusé pdnt mai 68 jour mois année 24 mai 1968
0%
accords de Grenelle dirigés par Pompidou (+ salaires), mais manifs continuent jours mois année 25 - 27 mai 1968
0%
référendum décentralisation non à 55% DG démissionne le... jour mois année 28 avril 1969
0%
référendum pr la constitution 80% oui, sauf coco et Poujade jour mois année 28 septembre 1958
0%
DG à Baden Baden avec Massu jour mois année 29 mai 1968
0%
DG dissout l'AN, défilé de soutien de 500k personnes : opinion public marre grévistes car handicapant jour mois année 30 mai 1968
0%
Sorbonne investie par manif jour mois année 3 mai 1968
0%
constitution adoptée par le conseil des ministres jour mois année 3 septembre 1958
0%
Chirac démissionne car VGE veut affaiblir UDR, car trop libéral et car refus élections anticipées : PM raymond Barre, économiste peu connu mois année aout 1976
0%
opinion valide le M car G Koweit rapide et peu de morts mois année Aout 1990
0%
Debré démissionne, Pompidou en place mois année avril 1962
0%
Pompidou die sans laisser de successeur clair mais a normalisé la 5ème mois année avril 1974
0%
Edith replacée car maladroite : Bérégovoy mois année avril 1992
0%
Chirac dissout AN pr meilleure majorité alors que pas popu, Jospin nommé PM : gauche plurielle : crée CMU (couverture maladie universelle), aménage loi immigration, PACS mois année avril 1997
0%
DG élu à 78% avce debré PM mois année décembre 1958
0%
Chirac devient chef UDR et promet une "société libérale avancée" mois année décembre 1974
0%
gerboise bleu, FR à la bombe atomique mois année février 1960
0%
DATAR mois année février 1963
0%
traité coop franco-allemand mois année janvier 1963
0%
DG se sépare de Pompidou car trop popu, peur dyarchie : Couve de Murville mois année juillet 1968
0%
Pompidou met PM pierre Messmer (ancien général) : virage conservateur car trop libéral, contexte inflation mois année juillet 1972
0%
Fabius devient PM pr montrer changement mois année juillet 1984
0%
loi constitutionnelle permet aux Membres de la commu FR de devenir indépedatn mois année juin 1960
0%
élections UDR à 72% avec alliés (VGE, républicains indé) mois année Juin 1968
0%
projet de nouvelle société : SMIC, mensualise salaires, symbole méritocratie mois année juin 1969
0%
Alain poher intérim, nvl élections : Pompidou VS poher au 2nd tour, pas de gauche : PM Chaban Delmas mois année juin 1969
0%
Mitterrand arrive à la tête du NPS de Savary et propose un programme commun avec PCF pr législatives de 73 mois année juin 1972
0%
manif géante de 1M de personnes contre la politique de l'école libre de Savary mois année juin 1984
0%
élections présidentielles : gauche unie, UDR divisée Chaban/VGE : 1er tour Mitterrand à 45%n VGE gagne de peu (50,8%) car promesse du "changement sans le risque" : PM Chirac mois année mai 1974
0%
Change de PM car Rocard trop consensuel Edith Cresson 1er femme PM mois année mai 1991
0%
suicide Bérégovoy mois année mai 1993
0%
présidentielle : Sarko PM Fillon mois année mai 2007
0%
retire troupes OTAN mois année mars 1966
0%
tournant de la rigueur de Jacques Delors, reconnait innefficacité système :popularité 32% mois année mars 1983
0%
nvl législatives, 1er cohabitation car Chirac PM : contrepied : privatise E, supp IGF mois année mars 1986
0%
élections législatives : 70% gaulliste, créa° UNR pr les rassembler mois année Novembre 1958
0%
élections législatives UNR à 32%, bcp de pv pr DG pr reconstruction éco (plan pinay-rueff) mois année novembre 1962
0%
référendum constitution pr le suffrage universel direct oui à 62%, cartel des non en opposition mois année octobre 1962
0%
G Kippour : choc pétrolier : inflation 15% mais manque de réactions car Pompidou dans le mal et PM récent arrive pas & s'affirmer mois année octobre 1973
0%
PM Juppé : trahit promesse et fait comme Balladur, reprise nucléaire déplait, manif de 2M de personnes contre le plan Juppé mois année octobre 1995
0%
Mitterrand fonde FGDS (SFIO, radicaux et gauche) mois année septembre 1965
0%
DG "moi ou le chaos" aux présidentielles VS MRP Lecanuet et Mitterrand mois année septembre 1965
0%
traité de Maastritch ratifié de peu montre impopularité mois année septembre 1992
0%
Aucun quiz correspondant
Distribution des résultats
% des personnes avec chaque résultat
Percentile par nombre de réponses
Votre historique - résultats
Vous n’avez pas pris ce quiz